000 01512nam a2200421 i 4500
001 14400
003 KOSZ 005
005 20200513124709.0
008 070824s1972 pl a f f 001 0 pol
015 _aPB 1972/5901
035 _a(OCoLC)839131512
040 _aWA N
_cWA N
_dKOSZ 005/EC
_dKOSZ 005/RW
041 1 _apol
_heng
046 _k1960
080 _a53
100 1 _aRogers, Eric M.
_eAutor
245 1 0 _aFizyka dla dociekliwych.
_nCz. 5,
_pFizyka atomowa i jądrowa /
_cEric M. Rogers ; tłumaczenie Marian Kiełkiewicz.
246 3 0 _aFizyka atomowa i jądrowa.
246 1 _iTytuł oryginału:
_aPhysics for the inquiring mind :
_bthe methods, nature and philosophy of physical science.
250 _aWydanie 2.
260 _aWarszawa :
_bPaństwowe Wydawnictwo Naukowe,
_c1972.
300 _a382, [1] strony :
_bilustracje ;
_c22 cm.
336 _aTekst
_btxt
_2rdacontent
337 _aBez urządzenia pośredniczącego
_bn
_2rdamedia
338 _aWolumin
_bnc
_2rdacarrier
380 _aKsiążki.
388 _a1901-2000
388 _a1945-1989
504 _aIndeks.
650 4 _aFizyka jądrowa
650 4 _aFizyka atomowa
655 4 _aPodręcznik
658 _aFizyka i astronomia
700 1 _aKiełkiewicz, Marian Stanisław.
_eTłumaczenie
710 2 _aPaństwowe Wydawnictwo Naukowe
_4pbl.
856 _uhttp://koha.tu.koszalin.pl/cgi-bin/koha/opac-detail.pl?biblionumber=14400
_yKatalog online BPK
942 _2UKD
_cKS
999 _c14400
_d14400